Strategic management : (Record no. 1609)
[ view plain ]
| 000 -LEADER | |
|---|---|
| fixed length control field | 01506nam a2200205Ia 4500 |
| 020 ## - INTERNATIONAL STANDARD BOOK NUMBER | |
| ISBN | 9780071287845 (alk. paper) |
| 020 ## - INTERNATIONAL STANDARD BOOK NUMBER | |
| ISBN | 0071287841 (alk. paper) |
| 050 ## - CALL NUMBER | |
| Classification number | HD30.28 |
| Item number | .D4743 |
| 100 1# - AUTHOR | |
| Personal name | Dess, Gregory G. |
| 245 10 - TITLE | |
| Title | Strategic management : |
| Remainder of title | text and cases / |
| Statement of responsibility, etc | Gregory G. Dess, G.T. Lumpkin, Alan B. Eisner. |
| 250 ## - EDITION | |
| Edition statement | 4th ed. |
| 260 ## - PUBLICATION INFORMATION | |
| Place of publication | Boston : |
| Name of publisher | McGraw-Hill/Irwin, |
| Year of publication | 2008. |
| 300 ## - DESCRIPTION | |
| Number of Pages | xxx, 909 p. : |
| Other physical details | col. ill. ; |
| Dimensions | 26 cm. |
| 500 ## - NOTES | |
| General note | Includes index |
| 505 ## - FORMATTED CONTENTS NOTE | |
| Table of Content | Strategic analysis --<br/>Strategic management: creating competitive advantages --<br/>Analyzing the external environment of the firm --<br/>Assessing the internal environment of the firm --<br/>Recognizing a firm's intellectual assets: moving beyond a firm's tangible resources --<br/>Strategic formulation --<br/>Business-level strategy: creating and sustaining competitive advantages --<br/>Corporate-level strategy: creating value through diversification --<br/>International strategy: creating value in global markets --<br/>Entrepreneurial strategy and competitive dynamics --<br/>Strategic implementation --<br/>Strategic control and corporate governance --<br/>Creating effective organizational designs --<br/>Strategic leadership: creating a learning organization and an ethical organization --<br/>Managing innovation and fostering corporate entrepreneurship --<br/>Case analysis --<br/>Analyzing strategic management cases --<br/>Cases --<br/>Indexes. |
| 650 ## - SUBJECTS | |
| Topical Term | Strategic Planning |
| 700 1# - OTHER AUTHORS | |
| Personal name | Lumpkin, G. T. |
| 700 1# - OTHER AUTHORS | |
| Personal name | Eisner, Alan B. |
| 942 ## - ADDED ENTRY ELEMENTS (KOHA) | |
| Koha item type | Books |
| Withdrawn status | Lost status | Home library | Current library | Shelving location | Date acquired | Full call number | Accession Number | Koha item type |
|---|---|---|---|---|---|---|---|---|
| Methodist University Library Main | Methodist University Library Main | General Stacks | 11/03/2010 | HD30.28 .D4743 | 30812 | Books | ||
| Methodist University Library Main | Methodist University Library Main | General Stacks | 11/03/2010 | HD30.28 .D4743 | 30813 | Books | ||
| Methodist University Library Main | Methodist University Library Main | General Stacks | 11/03/2010 | HD30.28 .D4743 | 30814 | Books | ||
| Methodist University Library Main | Methodist University Library Main | General Stacks | 11/03/2010 | HD30.28 .D4743 | 30658 | Books |